000 00412 a2200145 4500
040 _aDLC
_bDLC
082 _a005.4469
100 _aRed,Hat
245 _aRed hat linux 9 : Red hat linux gutting started guide
_cRed,Hat
260 _a USA:
_b Red Hat, Inc.,
_c2003.
300 _avi, 162 p.
_c24 cm
500 _aIncludes Index
650 _a1.Linux 2.operating systems (computers)
942 _cBK
_k005.4469 RED
_2ddc
999 _c6307
_d6307